=LDR 00000nam 2200000 4500 =001 INLIS000000000022417 =005 20130612121157 =008 ***********************************Ind** =035 ##$$0010-061300000022417 =041 ##$$a Ind =082 ##$$a F Rom D =090 ##$$a F Rom D, Maa-n =100 ##$$a Maalof, Amin =245 ##$$a Nama Tuhan Yang keseratus, Sebuah Novel, Amin Maalof =260 ##$$a 2006 $b Jakarta =300 ##$$a 618 hlm., 21 cm =650 ##$$a Fiksi-Terjemahan =850 ##$$a NBPNMAT =990 ##$$a 0001/BPAP-NTB/20142015